LIBRARY & INFORMATION CENTRE, KCAET, TAVANUR

ONLINE PUBLIC ACCESS CATALOGUE (OPAC)

Energy conservation in hot climates / (Record no. 10173)

MARC details
000 -LEADER
fixed length control field 00455cam a2200181ua 4500
003 - CONTROL NUMBER IDENTIFIER
control field OSt
008 - FIXED-LENGTH DATA ELEMENTS--GENERAL INFORMATION
fixed length control field 241030b |||||||| |||| 00| 0 eng d
020 ## - INTERNATIONAL STANDARD BOOK NUMBER
ISBN 0 85139 209 1
041 ## - LANGUAGE CODE
Language code of text/sound track or separate title eng
082 ## - DEWEY DECIMAL CLASSIFICATION NUMBER
Classification number 621.47
Item number HOL/EN
100 ## - MAIN ENTRY--AUTHOR NAME
Personal name Holm, Dieton .
245 ## - TITLE STATEMENT
Title Energy conservation in hot climates /
250 ## - EDITION STATEMENT
Edition statement 1 /
260 ## - PUBLICATION, DISTRIBUTION, ETC. (IMPRINT)
Place of publication London :
Name of publisher The Architectural press ,
Year of publication 1983.
300 ## - PHYSICAL DESCRIPTION
Number of Pages 120 ; .
500 ## - GENERAL NOTE
General note ** Reference
942 ## - ADDED ENTRY ELEMENTS (KOHA)
Koha item type Books
Holdings
Withdrawn status Lost status Damaged status Home library Current library Shelving location Date acquired Full call number Accession Number Koha item type
      KAUAET KAUAET Shelf- 7A 27/03/1987 621.47 HOL/EN 16210 Books
      KAUAET KAUAET   07/04/2012 621.0425 15716 Reference
free website counter